000 00960cam a2200241 4500
001 ABS63017
008 000000n2000 000 0 eng u
035 _a(Sirsi) u109025
100 _aPotter, A.
245 4 _aThe Landfill Directive: countdown to compliance
260 _c2000
490 _aWastes Management
_vOctober 2000, 45-48(3)
520 _aExplores the potential impact of the EU Landfill Directive, which is coming into UK law in 2001. Looks in particular at the effect on the operation and development of inert and non-hazardous waste landfills. Notes the importance of having a proper debate on the future shape of landfilling in the UK before completing any guidance on implementing the Directive.
590 _aABS
650 _aLANDFILL
650 _aEU DIRECTIVE
650 _aWASTE MANAGEMENT
650 _aGUIDANCE
650 _aCOSTINGS
690 _aENVIRONMENT-ENVIRONMENTAL LAW
700 _aGregory, B.
942 _n0
999 _c65110
_d65110